| 000 | 00975pam a2200289 a 4500 | ||
|---|---|---|---|
| 001 | 581581 | ||
| 003 | CEME | ||
| 005 | 20210628201624.0 | ||
| 008 | 900326s1990 paua bf 001 0 eng | ||
| 010 | _a 90035338 | ||
| 020 |
_a0830683607 : _c$29.95 |
||
| 020 |
_a083063360X (pbk.) : _c$18.60 |
||
| 040 |
_aDLC _cDLC _dDLC |
||
| 050 | 0 | 0 |
_aTK9965 _b.M35 1990 |
| 082 | 0 | 0 |
_a621.381 _220 |
| 100 | 1 |
_aMcComb, Gordon. _935917 |
|
| 245 | 1 | 0 |
_aGordon McComb's gadgeteer's goldmine! : 55 space-age projects _b55 space-age projects _cGordon McComb. |
| 250 | _a1st ed. | ||
| 260 |
_aBlue Ridge Summit, PA : _bTab Books, _cc1990. |
||
| 300 |
_axxv, 406 p. : _bill. ; _c25 cm. |
||
| 500 | _aIncludes index. | ||
| 504 | _aIncludes bibliographical references (p.395-400). | ||
| 650 | 0 |
_aElectronics _xAmateurs' manuals. _956047 |
|
| 740 | 0 | _aGadgeteer's goldmine. | |
| 856 | 4 | 2 |
_3Publisher description _uhttp://www.loc.gov/catdir/description/mh022/90035338.html |
| 942 |
_2ddc _cBK |
||
| 999 |
_c566587 _d566587 |
||